Vybrané typy rodinných domků : Vítězné soutěžní projekty /

Uložené v:
Podrobná bibliografia
Hlavný autor: Nečas, Otakar (Author)
Médium: Kniha
Jazyk:Czech
Vydané: Praha : Státní nakladatelství technické literatury, 1960.
Vydanie:1. vyd.
ISBN: (viaz.)
Fyzický popis: 127 s.
Tagy: Pridať tag
Žiadne tagy, Buďte prvý kto otaguje tento záznam!

MARC

LEADER 00000nam a2200000 a 4500
001 000173708
005 20100915174710.0
008 040101s1960 xr e czeod
020 |a (viaz.)  |c Kčs 18,20 
040 |a SVKKK  |b slo  |c SVKKK  |e AACR2 
041 0 |a cze 
044 |a xr  |c CZ 
100 1 |a Nečas, Otakar  |4 aut 
245 1 0 |a Vybrané typy rodinných domků :  |b Vítězné soutěžní projekty /  |c Otakar Nečas. 
250 |a 1. vyd. 
260 |a Praha :  |b Státní nakladatelství technické literatury,  |c 1960. 
300 |a 127 s. 
366 |e 15715 výt. 
910 |a svkkk 
998 |a BK 
090 |g SCKHL  |k Sklad Pribinova 3. posch.  |a V.19218  |j 264322  |i 2720837652  |s Prezenčne 
090 |g SCKHL  |k Sklad Pribinova 3. posch.  |a V.32084  |j 304508  |i 2720182653  |4 Multiplikát  |s Vyradená 
090 |g SCKHL  |k Sklad Pribinova 3. posch.  |a V.32085  |j 304509  |i 173708-20  |4 Multiplikát  |s Vyradená 
090 |g SCKHL  |k Sklad Pribinova 3. posch.  |a V0.75  |j 0495  |i 194363-10  |4 Strata  |s Vyradená